Music Quiz

Random Music or The Beatles Quiz

Click the Beatles Album Quiz Stats

Quiz Updated Aug 28, 2017

Also try: Beatles Albums
Challenge
Share
Tweet
Embed
Score 0/13 Timer 01:00
0 Plays Today
% Correct
Sgt. Pepper's Lonely Hearts Club Band
91.7%
The Beatles (The White Album)
90.9%
Abbey Road
89.9%
Help!
85.3%
A Hard Day's Night
85.2%
Revolver
84.8%
Magical Mystery Tour
83.6%
Rubber Soul
83.4%
Let It Be
80.8%
Yellow Submarine
79.3%
Beatles for Sale
69.8%
Please Please Me
66.8%
With The Beatles
66.5%

You're not logged in!

Compare scores with friends on all Sporcle quizzes.
Sign Up with Email
OR
Log In

You Might Also Like...

Show Comments

Extras

Top Quizzes Today


Score Distribution

Your Account Isn't Verified!

In order to create a playlist on Sporcle, you need to verify the email address you used during registration. Go to your Sporcle Settings to finish the process.

Report this User

Report this user for behavior that violates our Community Guidelines.

Details: